000
nam a22 7a 4500
999
_c
46324
_d
46324
003
OSt
005
20190412154427.0
008
190412b xxu||||| |||| 00| 0 eng d
040
_c
IIMT UNIVERSITY
100
_a
DORNBUSCH RUDIGER
245
_a
MACROECNOMICS
260
_a
N.DELHI
_b
TMH PUB
_c
2009
300
_a
608
942
_2
ddc
_c
02
_e
2009